| 000 | 00520cam a2200181 4500 | ||
|---|---|---|---|
| 001 | 4628 | ||
| 005 | 20250523155920.0 | ||
| 008 | 130204s2013 enkb 000 1 eng | ||
| 010 | _a 2013376193 | ||
| 082 | _2920 BAR | ||
| 100 | 1 | _aBarton, R.F. | |
| 245 | 1 | 4 | _aAutobiographies of three Pagans in the Philippines. |
| 264 | 1 |
_aNew york : _bUniversity Books, _c1963. |
|
| 300 |
_axliii,271 p. : _bill. ; _c26 cm. |
||
| 650 | 0 |
_aNepali people _zForeign countries _vFiction. |
|
| 651 | 0 |
_aNepal _vFiction. |
|
| 942 |
_2ddc _cMAIN |
||
| 999 |
_c10269 _d10270 |
||